000 00745nas a2200229 a 4500
001 000037309
003 DO-SdBNP
005 20260318102603.0
008 120323c19989999dr mr1p dd 0 0spa d
040 _aDO-SdBNP
_bspa
_cBNPHU
_erda
041 _hspa
043 _anwdr
245 0 0 _aBoletín cultural.
260 _aSanto Domingo :
_bJunta Municipal de Cultura,
_c1998.
300 _av.- :
_bil. ;
_c29 cm.
310 _aMensual
362 1 _aAño 1. (4 de noviembre, 1998 )
500 _aCatalogación basada en : Año 1. (4 de noviembre, 1998 )
650 0 _aCultura
_xPublicaciones periódicas
_zRepública Dominicana
_963756
651 4 _aRepública Dominicana
_vCIVILIZACIÓN
_xPublicaciones Periódicas
_963757
942 _2ddc
_cISSUE
999 _c36799
_d36799